Normal view
MARC view
Entry Personal Name
001 - CONTROL NUMBER
- control field: 250924
003 - CONTROL NUMBER IDENTIFIER
- control field: OSt
005 - DATE AND TIME OF LATEST TRANSACTION
- control field: 20260109165028.0
008 - FIXED-LENGTH DATA ELEMENTS
- fixed length control field: 260109|| aca||aabn | a|a d
040 ## - CATALOGING SOURCE
- Original cataloging agency: OSt
- Transcribing agency: OSt
100 ## - HEADING--PERSONAL NAME
- Personal name: STEWART (Alfred W)
670 ## - SOURCE DATA FOUND
- Source citation: Work cat.: (OSt)128126: STEWART (Alfred W), Recent advances in physical and inorganic chemistry Ed 5, 1926